[Event "Leiden SB-ch"]
[Site "Leiden"]
[Date "2010.06.08"]
[Round "4"]
[White "Van Amsterdam, Jan"]
[Black "Oei, Hway Ik"]
[Result "0-1"]
[WhiteElo "1776"]
[BlackElo "2126"]
[PlyCount "72"]
[EventDate "2010.05.18"]
[EventType "swiss"]
[EventRounds "7"]
[EventCountry "NED"]
[SourceTitle "EXT 2012"]
[Source "ChessBase"]
[SourceDate "2011.11.24"]
[SourceVersion "1"]
[SourceVersionDate "2011.11.24"]
[SourceQuality "1"]

1. e4 c6 2. d4 d5 3. f3 dxe4 4. fxe4 Nf6 5. Nc3 e5 6. Nf3 exd4 7. Qxd4 Qxd4 8. Nxd4 Bb4 9. Bd3 0-0 10. 0-0 Bc5 11. Nce2 Re8 12. Kh1 Nbd7 13. Nf5 Nxe4 14. Bxe4 Rxe4 15. Neg3 Re8 16. b3 Ne5 17. Bb2 Bxf5 18. Nxf5 f6 19. h3 Rad8 20. Rad1 Bf8 21. Rde1 Rd2 22. Ne3 Bc5 23. Bxe5 Rxe5 24. Nc4 Rxe1 25. Rxe1 Rf2 26. Rd1 b5 27. Nd2 Kf7 28. c3 Re2 29. b4 Bb6 30. c4 bxc4 31. Nxc4 Rxa2 32. Rd7+ Kg6 33. Rb7 Bf2 34. Kh2 Rc2 35. Nd6 Bd4 36. h4 Be5+ 0-1

[Event "Leiden SB-ch"]
[Site "Leiden"]
[Date "2010.06.01"]
[Round "3"]
[White "Zeevaarder, Michael"]
[Black "Van Amsterdam, Jan"]
[Result "1-0"]
[WhiteElo "1810"]
[BlackElo "1776"]
[PlyCount "95"]
[EventDate "2010.05.18"]
[EventType "swiss"]
[EventRounds "7"]
[EventCountry "NED"]
[SourceTitle "EXT 2012"]
[Source "ChessBase"]
[SourceDate "2011.11.24"]
[SourceVersion "1"]
[SourceVersionDate "2011.11.24"]
[SourceQuality "1"]

1. e4 e6 2. d4 d5 3. Nc3 Nf6 4. Bg5 Bb4 5. e5 h6 6. exf6 hxg5 7. fxg7 Rg8 8. Qh5 Rxg7 9. h4 gxh4 10. Rxh4 a6 11. Nf3 Qf6 12. Qe5 Qxe5+ 13. Nxe5 Nd7 14. Nd3 Bf8 15. g3 b6 16. Bg2 Bb7 17. 0-0-0 0-0-0 18. Rdh1 Be7 19. Rh7 Bf6 20. Rxg7 Bxg7 21. Ne2 Rh8 22. c3 c5 23. Kd2 Rxh1 24. Bxh1 a5 25. Bf3 Ba6 26. Bh5 f6 27. Bf7 Nf8 28. g4 c4 29. Ne1 Kd7 30. f4 Ke7 31. Bg8 Bb7 32. Nf3 Nd7 33. g5 e5 34. fxe5 fxe5 35. Ke3 Kd6 36. Nh4 Bh8 37. Nf5+ Kc6 38. g6 Bf6 39. Bf7 Bg5+ 40. Kf3 exd4 41. cxd4 Nf6 42. g7 a4 43. g8Q Nxg8 44. Bxg8 Bd2 45. Nc3 a3 46. Bxd5+ Kd7 47. Bxb7 Bxc3 48. bxc3 1-0

[Event "Leiden SB-ch"]
[Site "Leiden"]
[Date "2009.06.16"]
[Round "5"]
[White "Schenkelaars, Vincent"]
[Black "Van Amsterdam, Jan"]
[Result "1-0"]
[WhiteElo "1718"]
[BlackElo "1730"]
[PlyCount "39"]
[EventDate "2009.05.19"]
[EventType "swiss"]
[EventRounds "7"]
[EventCountry "NED"]
[SourceTitle "EXT 2012"]
[Source "ChessBase"]
[SourceDate "2011.11.24"]
[SourceVersion "1"]
[SourceVersionDate "2011.11.24"]
[SourceQuality "1"]

1. d4 e6 2. c4 d5 3. Nc3 c5 4. cxd5 cxd4 5. Qxd4 Nc6 6. Qd1 exd5 7. e3 Bc5 8. Qxd5 Qe7 9. Bb5 Bd7 10. a3 Nf6 11. Qd1 0-0-0 12. Qa4 a6 13. Bxa6 Nd4 14. Bb5 Nxb5 15. Nxb5 Bc6 16. Nf3 Kb8 17. Bd2 Qd7 18. Qf4+ Ka8 19. Nfd4 g5 20. Qxf6 1-0

[Event "Leiden SB-ch"]
[Site "Leiden"]
[Date "2009.06.09"]
[Round "4"]
[White "Van Amsterdam, Jan"]
[Black "Leeuwenburgh, Evert"]
[Result "0-1"]
[WhiteElo "1730"]
[BlackElo "2056"]
[PlyCount "42"]
[EventDate "2009.05.19"]
[EventType "swiss"]
[EventRounds "7"]
[EventCountry "NED"]
[SourceTitle "EXT 2012"]
[Source "ChessBase"]
[SourceDate "2011.11.24"]
[SourceVersion "1"]
[SourceVersionDate "2011.11.24"]
[SourceQuality "1"]

1. e4 e5 2. Nc3 Nf6 3. f4 d5 4. fxe5 Nxe4 5. d3 Nxc3 6. bxc3 Be7 7. Nf3 c5 8. Be2 Nc6 9. 0-0 Be6 10. Qe1 0-0 11. Qg3 Kh8 12. Ng5 Qd7 13. d4 cxd4 14. Bd3 h6 15. Nh7 Rg8 16. Ng5 dxc3 17. Kh1 Raf8 18. Bh7 Bxg5 19. Bxg5 Kxh7 20. Qh4 Nxe5 21. Rf6 Ng6 0-1